Geology and ore deposits of the Zimápán mining district, (Record no. 29065)
[ view plain ]
| 000 -LEADER | |
|---|---|
| fixed length control field | 01255cam a22002771 4500 |
| 001 - CONTROL NUMBER | |
| control field | gs 56000164 |
| 003 - CONTROL NUMBER IDENTIFIER | |
| control field | DLC |
| 005 - DATE AND TIME OF LATEST TRANSACTION | |
| control field | 20260227111404.0 |
| 008 - FIXED-LENGTH DATA ELEMENTS--GENERAL INFORMATION | |
| fixed length control field | 761028s1956 dcuab b f000 0 eng c |
| 010 ## - LIBRARY OF CONGRESS CONTROL NUMBER | |
| LC control number | gs 56000164 |
| 035 ## - SYSTEM CONTROL NUMBER | |
| System control number | (OCoLC)2536838 |
| 040 ## - CATALOGING SOURCE | |
| Original cataloging agency | U.S. Geol. Survey Library |
| Transcribing agency | NhD |
| Modifying agency | ISS |
| -- | DLC |
| 050 00 - LIBRARY OF CONGRESS CALL NUMBER | |
| Classification number | QE75 |
| Item number | .P9 no. 284 |
| 051 ## - LIBRARY OF CONGRESS COPY, ISSUE, OFFPRINT STATEMENT | |
| Classification number | QE203.H3 |
| Item number | S5 |
| 086 0# - GOVERNMENT DOCUMENT CLASSIFICATION NUMBER | |
| Classification number | I 19.16:284 |
| 100 1# - MAIN ENTRY--PERSONAL NAME | |
| Personal name | Simons, Frank S. |
| Fuller form of name | (Frank Stanton), |
| Dates associated with a name | 1917- |
| 245 10 - TITLE STATEMENT | |
| Title | Geology and ore deposits of the Zimápán mining district, |
| Remainder of title | State of Hidalgo, Mexico, |
| Statement of responsibility, etc. | by Frank S. Simons and Eduardo Mapes V. Prepared in cooperation with the Instituto Nacional para la Investigación de Recursos Minerales of Mexico, under the auspices of the Technical Cooperation Administration of the Dept. of State. |
| 260 ## - PUBLICATION, DISTRIBUTION, ETC. | |
| Place of publication, distribution, etc. | Washington, |
| Name of publisher, distributor, etc. | U.S. Govt. Print. Off., |
| Date of publication, distribution, etc. | 1956. |
| 300 ## - PHYSICAL DESCRIPTION | |
| Extent | vi, 128 p. |
| Other physical details | illus., maps, (part fold., part col.) |
| Dimensions | 29 cm. |
| 410 20 - SERIES STATEMENT/ADDED ENTRY--CORPORATE NAME [OBSOLETE, CAN/MARC], [LOCAL, USA] | |
| Corporate name or jurisdiction name as entry element | Geological Survey (U.S.). |
| Title of a work | Professional paper |
| Volume number/sequential designation | 284 |
| 500 ## - GENERAL NOTE | |
| General note | Part of illustrative matter in pocket. |
| 504 ## - BIBLIOGRAPHY, ETC. NOTE | |
| Bibliography, etc. note | Bibliography: p. 123-124. |
| 650 #0 - SUBJECT ADDED ENTRY--TOPICAL TERM | |
| Topical term or geographic name entry element | Geology |
| Geographic subdivision | Mexico |
| -- | Hidalgo (State). |
| 650 #0 - SUBJECT ADDED ENTRY--TOPICAL TERM | |
| Topical term or geographic name entry element | Mines and mineral resources |
| Geographic subdivision | Mexico |
| -- | Hidalgo (State). |
| 700 1# - ADDED ENTRY--PERSONAL NAME | |
| Personal name | Mapes Vázquez, Eduardo, |
| Relator term | joint author. |
No items available.